000 00503nam a2200157Ia 4500
005 20250310010957.0
008 240331s9999 xx 000 0 und d
082 _bYOG
_23291
_a894.811
100 _aYoganathan, C
245 0 _aSunthariyin Mukangal
250 _a2nd Edition
260 _aChennai,
_bSatyabarathi Pathippagam
_c1994
300 _a176 p.,
500 _aA novel that won multiple prizes and has been praised for being a collection of the best short stories published in Tamil
942 _cL
999 _c4254
_d4254